000 00963cam a2200313 a 4500
001 60192
003 CO-BoRNBP
005 20251212223113.0
007 ta
008 110406s2011 ck a gr 000 j spa
020 _a9789583035937
040 _aCO-BoBN
_bspa
_cCO-BoBN
082 0 4 _aU863.5
_223
084 _aC MAR
100 1 _aMarcuse, Robert
_967994
245 1 1 _a¿Cúanto vale una vaca? /
_cRobert Marcuse y Aída Marcuse ; ilustraciones, Diego Nicoletti
250 _a1a. ed.
300 _a103 p. :
_bil. ;
_c21 cm
336 _2rdacontent
_atexto
_btxt
337 _2rdamedia
_asin mediación
_bn
338 _2rdacarrier
_avolumen
_bnc
490 0 _aColección Corcel
650 1 4 _aCuentos infantiles uruguayos
_ySiglo XXI
_2LEMB
_967995
650 2 4 _aEconomía
_vCuentos
_2LEMB
_967996
650 2 4 _aFinanzas personales
_vCuentos
_2LEMB
_967997
700 1 _aMarcuse, Aída E.,
_d1934-
_967998
942 _2ddc
_cBK
990 _bPanamericana Editorial
999 _c60192
_d60192